声母k开头的中国县级行政区(点位地图版) - Statistics

General Stats
  • This quiz has been taken 16 times
  • The average score is 42 of 50
Answers on the Map
Answers color-coded by a green-red scale on the quiz's map according to % correct below.
 
Answer Stats
省级行政区 地级行政区 县级行政区 % Correct
河北省 唐山市 开平区
100%
内蒙古自治区 通辽市 科尔沁区
100%
江苏省 苏州市 昆山市
100%
浙江省 绍兴市 柯桥区
100%
湖南省 长沙市 开福区
100%
广东省 江门市 开平市
100%
河北省 承德市 宽城满族自治县
91%
内蒙古自治区 赤峰市 喀喇沁旗
91%
内蒙古自治区 通辽市 科尔沁左翼中旗
91%
内蒙古自治区 通辽市 科尔沁左翼后旗
91%
内蒙古自治区 兴安盟 科尔沁右翼前旗
91%
内蒙古自治区 兴安盟 科尔沁右翼中旗
91%
辽宁省 铁岭市 开原市
91%
吉林省 长春市 宽城区
91%
黑龙江省 齐齐哈尔市 克山县
91%
浙江省 衢州市 柯城区
91%
四川省 甘孜藏族自治州 康定市
91%
贵州省 贵阳市 开阳县
91%
甘肃省 陇南市 康县
91%
新疆维吾尔自治区 克拉玛依市 克拉玛依区
91%
新疆维吾尔自治区 巴音郭楞蒙古自治州 库尔勒市
91%
新疆维吾尔自治区 喀什地区 喀什市
91%
新疆维吾尔自治区 伊犁哈萨克自治州 奎屯市
91%
河北省 张家口市 康保县
82%
山西省 阳泉市 矿区
82%
内蒙古自治区 包头市 昆都仑区
82%
内蒙古自治区 通辽市 开鲁县
82%
辽宁省 沈阳市 康平县
82%
辽宁省 丹东市 宽甸满族自治县
82%
辽宁省 朝阳市 喀喇沁左翼蒙古族自治县
82%
黑龙江省 齐齐哈尔市 克东县
82%
山东省 东营市 垦利区
82%
山东省 潍坊市 奎文区
82%
重庆市 (直辖) 开州区
82%
四川省 达州市 开江县
82%
新疆维吾尔自治区 阿克苏地区 库车市
82%
新疆维吾尔自治区 (直辖) 可克达拉市
82%
新疆维吾尔自治区 (直辖) 昆玉市
82%
山西省 忻州市 岢岚县
73%
内蒙古自治区 鄂尔多斯市 康巴什区
73%
浙江省 衢州市 开化县
73%
贵州省 黔东南苗族侗族自治州 凯里市
73%
云南省 红河哈尼族彝族自治州 开远市
73%
西藏自治区 昌都市 卡若区
73%
新疆维吾尔自治区 阿克苏地区 柯坪县
73%
内蒙古自治区 赤峰市 克什克腾旗
64%
内蒙古自治区 通辽市 库伦旗
64%
甘肃省 平凉市 崆峒区
64%
西藏自治区 日喀则市 康马县
55%
甘肃省 临夏回族自治州 康乐县
36%
No matching quizzes found
Score Distribution
Percent of People with Each Score
Percentile by Number Answered
Your Score History
You have not taken this quiz